[Event "IECC Swiss-506.2"]
[Site "IECC email"]
[Date "2006.04.27"]
[Round "?"]
[White "Ralls, Richard Nelson"]
[Black "Stevens, Neil"]
[Result "1/2-1/2"]
[WhiteElo "1990"]
[BlackElo "1534"]
[PlyCount "65"]
[EventDate "2006.??.??"]
[EventType "swiss (corr)"]
[EventRounds "1"]
[SourceTitle "Corr 2020"]
[Source "ChessBase"]
[SourceDate "2019.09.30"]
[SourceVersion "1"]
[SourceVersionDate "2019.09.30"]
[SourceQuality "1"]
[WhiteTeam "United States"]
[BlackTeam "England"]
[WhiteTeamCountry "USA"]
[BlackTeamCountry "ENG"]

1. e4 c5 2. Nf3 d6 3. Bb5+ Nc6 4. 0-0 Bd7 5. Re1 Nf6 6. c3 a6 7. Bxc6 Bxc6 8. d4 Bxe4 9. Bg5 Bd5 10. Nbd2 b5 11. c4 bxc4 12. dxc5 e6 13. Rc1 Rc8 14. Be3 Be7 15. Qa4+ Qd7 16. Qxd7+ Nxd7 17. cxd6 Bxd6 18. Nxc4 Rxc4 19. Rxc4 Bxc4 20. Rc1 Ne5 21. Nxe5 Bxe5 22. Rxc4 Kd7 23. b3 Rc8 24. Kf1 Rxc4 25. bxc4 Kd6 26. f4 Bb2 27. Ke2 f6 28. Kd3 e5 29. f5 Kc6 30. Ke4 Ba3 31. h3 Bc5 32. Bd2 Bf2 33. Bc1 1/2-1/2

[Event "IECC CL5-2006.02 email"]
[Site "IECC email"]
[Date "2006.01.30"]
[Round "?"]
[White "Stevens, Neil"]
[Black "Heyboer, Peter J"]
[Result "1-0"]
[WhiteElo "1493"]
[BlackElo "1444"]
[PlyCount "51"]
[EventDate "2006.??.??"]
[EventType "tourn (corr)"]
[EventRounds "4"]
[SourceTitle "Corr 2015"]
[Source "ChessBase"]
[SourceDate "2015.07.17"]
[SourceVersion "1"]
[SourceVersionDate "2015.07.17"]
[SourceQuality "1"]

1. d4 Nf6 2. c4 g6 3. Nc3 Bg7 4. e4 d6 5. Nf3 0-0 6. Be2 e5 7. 0-0 Nc6 8. d5 Ne7 9. Ne1 Nd7 10. Be3 f5 11. f3 h6 12. Nd3 a6 13. b4 a5 14. a3 f4 15. Bf2 axb4 16. axb4 Rxa1 17. Qxa1 Kh7 18. c5 dxc5 19. bxc5 Nb8 20. Nb4 Rf6 21. Rd1 Nd7 22. Nb5 c6 23. dxc6 Nxc6 24. Nxc6 bxc6 25. Nd6 Bf8 26. Qa8 1-0

[Event "P-4059"]
[Site "IECC email"]
[Date "2006.01.02"]
[Round "?"]
[White "Stevens, Neil"]
[Black "Barrer, Michel"]
[Result "1-0"]
[WhiteElo "1447"]
[BlackElo "1495"]
[PlyCount "49"]
[EventDate "2006.??.??"]
[EventType "tourn (corr)"]
[SourceTitle "Corr 2020"]
[Source "ChessBase"]
[SourceDate "2019.09.30"]
[SourceVersion "1"]
[SourceVersionDate "2019.09.30"]
[SourceQuality "1"]
[WhiteTeam "England"]
[BlackTeam "France"]
[WhiteTeamCountry "ENG"]
[BlackTeamCountry "FRA"]

1. d4 Nf6 2. c4 e5 3. dxe5 Ng4 4. Nf3 Bc5 5. e3 Nc6 6. Nc3 Ngxe5 7. Nxe5 Nxe5 8. Be2 0-0 9. 0-0 a6 10. b3 h6 11. Bb2 Re8 12. Ne4 Ba7 13. c5 Nc6 14. Qd5 Nb4 15. Qd4 f6 16. Qxb4 Qe7 17. Bc4+ Kh8 18. Bd3 b6 19. Rac1 Bb7 20. Ng3 Qe6 21. Rfd1 Rab8 22. Bf5 Qc6 23. f3 Bc8 24. Nh5 b5 25. Qg4 1-0